| 000 | 00731nam a22002417a 4500 | ||
|---|---|---|---|
| 005 | 20170124110208.0 | ||
| 010 | _aA-750170 | ||
| 020 | _c115.00 | ||
| 035 | _aA-750170 | ||
| 037 | _bCen Lib/Ret | ||
| 040 |
_aDPL _bEN |
||
| 082 |
_a000 _bJAI |
||
| 100 |
_aJain _9474 |
||
| 245 |
_aUpkar guide to combined defence services examination : _cby Jain [and] Kishore _bobjective type questions / |
||
| 250 | _arev. enl. ed | ||
| 260 |
_aAgra _bUpkar Prakashan _c1996 |
||
| 270 |
_bAgra _e282002 _a2/11 a, Swadeshi Bima Nagar |
||
| 300 |
_avarious pagings : _c25cm(Hb) _bill. |
||
| 650 |
_aGeneral awareness _922999 |
||
| 650 |
_aCurrent affairs _937820 |
||
| 700 |
_aKishore _937821 |
||
| 942 |
_2ddc _cEN _h000 _mJAI |
||
| 999 |
_c133393 _d133393 |
||